00508nam a2200229Ia 4500008004000000041000800040082001200048100000600060245006500066260004200131650000700173650000800180650001100188650001000199650001100209650000700220650000900227650001300236650001100249650001000260650000800270210210b1934 xxu||||| |||| 00| 0 eng d aeng a335/391 a- aReport to Indian tariff board on the iron and steel industry aDelhibManager of Publications,c1934 ato athe atariff asteel aReport aon airon aindustry aIndian aboard aand